[Event "Madrid-ch 2020-2021 - Final"]
[Site "Madrid ESP"]
[Date "2021.05.22"]
[Round "1.1"]
[White "Martin Duque, Jesus"]
[Black "Pindado Campos, Raul"]
[Result "1-0"]
[WhiteElo "2432"]
[BlackElo "2152"]
[PlyCount "77"]
[EventDate "2021.05.22"]
[EventType "swiss"]
[EventRounds "7"]
[EventCountry "ESP"]
[SourceTitle "Ajedrez en Madrid"]
[Source "lmi"]
[SourceDate "2021.05.23"]
[SourceVersion "1"]
[SourceVersionDate "2021.05.29"]
[SourceQuality "1"]

1. e4 e5 2. Nf3 Nc6 3. Bb5 a6 4. Ba4 Nf6 5. Bxc6 dxc6 6. d3 Bd6 7. Nbd2 Qe7 8.
Nc4 h6 9. Bd2 b5 10. Na5 Bd7 11. Qe2 Rb8 12. h3 Nh7 13. d4 exd4 14. Nxd4 Rb6
15. O-O-O c5 16. Nf3 Qe6 17. Kb1 b4 18. Qc4 Rb5 19. Qxe6+ Bxe6 20. Nc6 Rb6 21.
Nce5 O-O 22. Rhe1 Re8 23. Ng4 Bf8 24. Bf4 Rb7 25. Ne3 Nf6 26. Nd2 Rd8 27. f3 c6
28. Ndc4 Rbd7 29. Rxd7 Rxd7 30. Na5 g5 31. Bh2 Ne8 32. Nxc6 f6 33. Kc1 Kf7 34.
g4 Be7 35. Nf5 Bf8 36. b3 a5 37. Nxa5 Ra7 38. Nc6 Ra8 39. Rd1 1-0

[Event "Madrid-ch 2020-2021 - Final"]
[Site "Madrid ESP"]
[Date "2021.05.22"]
[Round "1.2"]
[White "Martinez Fernandez, Raul"]
[Black "Moreno Ruiz, Javier"]
[Result "1-0"]
[WhiteElo "2141"]
[BlackElo "2426"]
[PlyCount "97"]
[EventDate "2021.05.22"]
[EventType "swiss"]
[EventRounds "7"]
[EventCountry "ESP"]
[SourceTitle "Ajedrez en Madrid"]
[Source "lmi"]
[SourceDate "2021.05.23"]
[SourceVersion "1"]
[SourceVersionDate "2021.05.29"]
[SourceQuality "1"]

1. e4 d6 2. d4 Nf6 3. Nc3 Nbd7 4. Be3 e5 5. f3 Be7 6. g4 O-O 7. Nge2 c6 8. Ng3
exd4 9. Qxd4 d5 10. g5 c5 11. Qd3 d4 12. gxf6 Bxf6 13. Nd5 Ne5 14. Qe2 dxe3 15.
O-O-O Bg5 16. h4 Bh6 17. Bh3 Qa5 18. Kb1 Be6 19. Nf5 Bxf5 20. Bxf5 Rad8 21. f4
Nc6 22. c3 b5 23. Rdg1 Kh8 24. Qh5 Rd6 25. e5 Rg6 26. Bxg6 fxg6 27. Qe2 b4 28.
Qxe3 bxc3 29. Qxc3 Qb5 30. Rd1 Nd4 31. Rxd4 cxd4 32. Qxd4 Qe2 33. Rc1 Qg4 34.
Qe4 Qe6 35. a3 Rb8 36. Ka1 a5 37. Rc5 Qg4 38. Qc4 a4 39. Ka2 Ra8 40. Rb5 Qxh4
41. e6 Qe1 42. Qxa4 Rg8 43. e7 Qe6 44. Qd4 g5 45. Qe5 Qxe5 46. fxe5 g4 47. Nc7
Bf4 48. Rd5 g3 49. Rd8 1-0

[Event "Madrid-ch 2020-2021 - Final"]
[Site "Madrid ESP"]
[Date "2021.05.22"]
[Round "1.3"]
[White "Almagro Llamas, Pablo"]
[Black "Hernandez Ramos, David"]
[Result "1-0"]
[WhiteElo "2424"]
[BlackElo "2101"]
[PlyCount "63"]
[EventDate "2021.05.22"]
[EventType "swiss"]
[EventRounds "7"]
[EventCountry "ESP"]
[SourceTitle "Ajedrez en Madrid"]
[Source "lmi"]
[SourceDate "2021.05.23"]
[SourceVersion "1"]
[SourceVersionDate "2021.05.29"]
[SourceQuality "1"]

1. d4 e6 2. c4 Nf6 3. Nf3 b6 4. g3 Bb4+ 5. Bd2 Bxd2+ 6. Nbxd2 Bb7 7. Bg2 O-O 8.
Qc2 d6 9. e4 c5 10. d5 exd5 11. cxd5 Re8 12. O-O Nbd7 13. Rfe1 b5 14. b3 Qb6
15. h3 Ne5 16. Nh4 Ng6 17. Nf5 Ne7 18. Ne3 Rad8 19. Qc3 a6 20. a4 Ra8 21. Bf1
Kf8 22. Qd3 Ng6 23. axb5 axb5 24. Qxb5 Qc7 25. Nec4 Rab8 26. Qb6 Qxb6 27. Nxb6
Ne5 28. f4 Ned7 29. Nbc4 Ke7 30. Ra7 Red8 31. Bg2 Nf8 32. e5 1-0

[Event "Madrid-ch 2020-2021 - Final"]
[Site "Madrid ESP"]
[Date "2021.05.22"]
[Round "1.4"]
[White "Perez Gonzalez, Daniel"]
[Black "Martinez Reyes, Pedro Ramon"]
[Result "0-1"]
[WhiteElo "2056"]
[BlackElo "2408"]
[PlyCount "66"]
[EventDate "2021.05.22"]
[EventType "swiss"]
[EventRounds "7"]
[EventCountry "ESP"]
[SourceTitle "Ajedrez en Madrid"]
[Source "lmi"]
[SourceDate "2021.05.23"]
[SourceVersion "1"]
[SourceVersionDate "2021.05.29"]
[SourceQuality "1"]

1. e4 d5 2. exd5 Qxd5 3. Nc3 Qd6 4. d4 Nf6 5. Nf3 c6 6. Bg5 Bg4 7. Qd2 Bxf3 8.
gxf3 Nbd7 9. O-O-O e6 10. Ne4 Qb4 11. c3 Qa5 12. Kb1 O-O-O 13. Qf4 Be7 14. Rg1
h6 15. Bxf6 Nxf6 16. Rxg7 Nh5 17. Qxf7 Nxg7 18. Qxg7 Qc7 19. Bh3 Bd6 20. Bxe6+
Kb8 21. Qxc7+ Bxc7 22. h3 Rdf8 23. Rd3 h5 24. c4 Rf4 25. a3 Rhf8 26. Nd2 Bd8
27. d5 Bh4 28. dxc6 bxc6 29. Rd6 Rd8 30. Rxd8+ Bxd8 31. Bd7 Rd4 32. Bxc6 Rxd2
33. Be8 h4 0-1

[Event "Madrid-ch 2020-2021 - Final"]
[Site "Madrid ESP"]
[Date "2021.05.22"]
[Round "1.5"]
[White "Quispe Arteaga, Gabriel"]
[Black "Fernandez Rosado, Roberto"]
[Result "1-0"]
[WhiteElo "2386"]
[BlackElo "2029"]
[PlyCount "87"]
[EventDate "2021.05.22"]
[EventType "swiss"]
[EventRounds "7"]
[EventCountry "ESP"]
[SourceTitle "Ajedrez en Madrid"]
[Source "lmi"]
[SourceDate "2021.05.23"]
[SourceVersion "1"]
[SourceVersionDate "2021.05.29"]
[SourceQuality "1"]

1. f4 d5 2. Nf3 c5 3. g3 Nc6 4. Bg2 Nf6 5. O-O Qc7 6. d3 Bg4 7. h3 Bxf3 8. Bxf3
O-O-O 9. Bg2 e6 10. Nc3 a6 11. Bd2 d4 12. Nb1 Bd6 13. Na3 Nd5 14. Nc4 f5 15.
Nxd6+ Qxd6 16. c4 dxc3 17. bxc3 c4 18. d4 h5 19. h4 Qa3 20. Qc2 Rh6 21. Bf3
Nce7 22. Rab1 Rd7 23. e4 fxe4 24. Bxe4 Rf6 25. f5 exf5 26. Bxf5 Nxf5 27. Rxf5
Qd6 28. Re5 Rf3 29. Be1 Rdf7 30. Qe4 Nb6 31. Re6 Rxg3+ 32. Bxg3 Qxg3+ 33. Qg2
Qxg2+ 34. Kxg2 Nd5 35. Re5 Nf4+ 36. Kh2 Nd3 37. Rxh5 Rf2+ 38. Kg3 Rxa2 39. Rh8+
Kc7 40. Rg8 Rc2 41. Rxg7+ Kc6 42. h5 Rxc3 43. h6 Nc5+ 44. Kh4 1-0

[Event "Madrid-ch 2020-2021 - Final"]
[Site "Madrid ESP"]
[Date "2021.05.22"]
[Round "1.7"]
[White "Suarez Uriel, Adrian"]
[Black "Rey Martinez, Jaime"]
[Result "1-0"]
[WhiteElo "2364"]
[BlackElo "1992"]
[PlyCount "103"]
[EventDate "2021.05.22"]
[EventType "swiss"]
[EventRounds "7"]
[EventCountry "ESP"]
[SourceTitle "Ajedrez en Madrid"]
[Source "lmi"]
[SourceDate "2021.05.23"]
[SourceVersion "1"]
[SourceVersionDate "2021.05.29"]
[SourceQuality "1"]

1. Nf3 c5 2. c4 d6 3. Nc3 Nc6 4. g3 g6 5. Bg2 Bg7 6. O-O Bf5 7. d3 Qd7 8. Nd5
Nf6 9. Ne1 Nxd5 10. cxd5 Nd4 11. e3 Nb5 12. Qb3 Rb8 13. h3 g5 14. Kh2 h6 15.
Bd2 O-O 16. f4 g4 17. h4 Rfc8 18. Nc2 Nc7 19. e4 Bh7 20. Bc3 Qb5 21. Bxg7 Kxg7
22. Qc3+ Kg8 23. f5 Ne8 24. a4 Qd7 25. Qd2 Kg7 26. d4 f6 27. dxc5 dxc5 28. h5
Nd6 29. Ne3 Qe8 30. Kg1 Qxh5 31. Rf4 Rg8 32. Kf2 Qe8 33. Rxg4+ Kh8 34. Rh4 Nf7
35. Bf3 Rg7 36. Bh5 Qg8 37. Bxf7 Qxf7 38. Rah1 Rbg8 39. Nf1 Rg5 40. Rxh6 R8g7
41. Qf4 Qe8 42. Nd2 Kg8 43. Nf3 Rg4 44. Rxh7 Rxf4 45. Rh8+ Kf7 46. Rxe8 Rxf3+
47. Kxf3 Kxe8 48. Rh8+ Kd7 49. Kf4 a6 50. a5 Kc7 51. g4 Kd6 52. b3 1-0

[Event "Madrid-ch 2020-2021 - Final"]
[Site "Madrid ESP"]
[Date "2021.05.22"]
[Round "1.8"]
[White "Rodriguez Avila, Alvaro"]
[Black "Candela Perez, Jose"]
[Result "1/2-1/2"]
[WhiteElo "1966"]
[BlackElo "2328"]
[PlyCount "116"]
[EventDate "2021.05.22"]
[EventType "swiss"]
[EventRounds "7"]
[EventCountry "ESP"]
[SourceTitle "Ajedrez en Madrid"]
[Source "lmi"]
[SourceDate "2021.05.23"]
[SourceVersion "1"]
[SourceVersionDate "2021.05.29"]
[SourceQuality "1"]

1. e4 e5 2. Nf3 Nc6 3. Bb5 a6 4. Ba4 Nf6 5. O-O Be7 6. Re1 b5 7. Bb3 d6 8. c3
O-O 9. h3 Na5 10. Bc2 c5 11. d4 Nd7 12. Nbd2 exd4 13. cxd4 Nc6 14. Nf1 Nxd4 15.
Nxd4 cxd4 16. Qxd4 Ne5 17. Qd1 Bf6 18. Ne3 Bb7 19. Bd2 Nc6 20. Bc3 Bxc3 21.
bxc3 Ne7 22. Qd3 Ng6 23. Rad1 Qa5 24. Nf5 Qxa2 25. Qd4 f6 26. Bb1 Qe6 27. Qxd6
Qf7 28. Qg3 Kh8 29. h4 Ne5 30. f4 Nc4 31. Ba2 Qc7 32. Bxc4 bxc4 33. Rd4 g6 34.
Nd6 a5 35. e5 a4 36. e6 Qe7 37. Nf7+ Rxf7 38. exf7 Qxf7 39. Qf2 a3 40. Red1 Bc6
41. Rd8+ Rxd8 42. Rxd8+ Kg7 43. Rd2 Qe7 44. Re2 Qb7 45. Kh2 Kh6 46. Qc5 Qa8 47.
Ra2 Bxg2 48. Qxa3 Qxa3 49. Rxa3 Be4 50. Ra6 Kh5 51. Kg3 f5 52. Ra7 h6 53. Rc7
Bd3 54. Rc5 Be2 55. Rc8 Bd3 56. Rh8 Bc2 57. Re8 Bd3 58. Re1 Bc2 1/2-1/2

[Event "Madrid-ch 2020-2021 - Final"]
[Site "Madrid ESP"]
[Date "2021.05.22"]
[Round "1.9"]
[White "Elissalt Cardenas, Hector"]
[Black "Demerson Joly, Javier"]
[Result "1-0"]
[WhiteElo "2281"]
[BlackElo "1959"]
[PlyCount "97"]
[EventDate "2021.05.22"]
[EventType "swiss"]
[EventRounds "7"]
[EventCountry "ESP"]
[SourceTitle "Ajedrez en Madrid"]
[Source "lmi"]
[SourceDate "2021.05.23"]
[SourceVersion "1"]
[SourceVersionDate "2021.05.29"]
[SourceQuality "1"]

1. d3 d5 2. f4 g6 3. Nf3 Bg7 4. g3 Nf6 5. Bg2 O-O 6. O-O c6 7. e3 Nbd7 8. Nc3
Qc7 9. d4 Ne8 10. e4 dxe4 11. Nxe4 Nd6 12. Nxd6 exd6 13. f5 c5 14. Kh1 cxd4 15.
Nxd4 a6 16. c3 Re8 17. Bg5 Ne5 18. Bd5 Bd7 19. fxg6 hxg6 20. Bf4 Re7 21. Qb3
Bh3 22. Bg2 Bxg2+ 23. Kxg2 Qc4 24. Bg5 Qxb3 25. axb3 Rd7 26. Rad1 Re8 27. h3
Nc6 28. Nxc6 bxc6 29. Ra1 Re5 30. Bf4 Rb5 31. b4 Rb6 32. Rf2 c5 33. Be3 Rc6 34.
bxc5 dxc5 35. Ra5 c4 36. g4 Rd3 37. Bf4 Bf6 38. Rd2 Rxd2+ 39. Bxd2 Rb6 40. Bc1
Re6 41. Kf3 Be7 42. Be3 Bd8 43. Ra4 Bb6 44. Bf4 a5 45. Rxc4 Re1 46. Rc6 Rf1+
47. Ke4 Re1+ 48. Kd5 Rd1+ 49. Kc4 1-0

[Event "Madrid-ch 2020-2021 - Final"]
[Site "Madrid ESP"]
[Date "2021.05.22"]
[Round "1.10"]
[White "Cabañas Bravo, Juan Andres"]
[Black "Ortega Ruiz, Jose Miguel"]
[Result "0-1"]
[WhiteElo "1948"]
[BlackElo "2253"]
[PlyCount "52"]
[EventDate "2021.05.22"]
[EventType "swiss"]
[EventRounds "7"]
[EventCountry "ESP"]
[SourceTitle "Ajedrez en Madrid"]
[Source "lmi"]
[SourceDate "2021.05.23"]
[SourceVersion "1"]
[SourceVersionDate "2021.05.29"]
[SourceQuality "1"]

1. e4 e5 2. d4 exd4 3. c3 dxc3 4. Bc4 cxb2 5. Bxb2 Nf6 6. e5 d5 7. exf6 Bb4+ 8.
Kf1 dxc4 9. Qxd8+ Kxd8 10. fxg7 Rg8 11. a3 Be7 12. Nd2 Bf5 13. Ngf3 Nd7 14. Rd1
Bc2 15. Rc1 Bd3+ 16. Kg1 b5 17. h4 f6 18. Nd4 Nc5 19. Nc6+ Kd7 20. Nxe7 Kxe7
21. Bd4 Ne6 22. Re1 Kf7 23. Nf3 Rxg7 24. Kh2 Rg4 25. Be3 Rag8 26. Kh3 Bf5 0-1

[Event "Madrid-ch 2020-2021 - Final"]
[Site "Madrid ESP"]
[Date "2021.05.22"]
[Round "1.11"]
[White "Mkrtchyan, Levon"]
[Black "Neagu, Roberto Florin"]
[Result "1-0"]
[WhiteElo "2230"]
[BlackElo "1881"]
[PlyCount "69"]
[EventDate "2021.05.22"]
[EventType "swiss"]
[EventRounds "7"]
[EventCountry "ESP"]
[SourceTitle "Ajedrez en Madrid"]
[Source "lmi"]
[SourceDate "2021.05.23"]
[SourceVersion "1"]
[SourceVersionDate "2021.05.29"]
[SourceQuality "1"]

1. e4 c5 2. Nf3 Nc6 3. d4 cxd4 4. Nxd4 Nf6 5. Nc3 e5 6. Ndb5 d6 7. Bg5 a6 8.
Na3 b5 9. Nd5 Be7 10. Bxf6 Bxf6 11. c4 b4 12. Nc2 Rb8 13. b3 g6 14. Be2 Bg7 15.
Bg4 Be6 16. O-O O-O 17. Qe2 Nd4 18. Nxd4 exd4 19. Rad1 Qd7 20. h3 h5 21. Bf3
Be5 22. Qd2 Bxd5 23. cxd5 a5 24. Be2 f5 25. exf5 Rxf5 26. Bd3 Rf4 27. Bxg6 Kh8
28. Qe2 Rh4 29. f4 Bf6 30. Bxh5 Qf5 31. Bf7 Rb7 32. Qe8+ Kg7 33. Qg8+ Kh6 34.
g4 Rxf7 35. g5+ 1-0

[Event "Madrid-ch 2020-2021 - Final"]
[Site "Madrid ESP"]
[Date "2021.05.22"]
[Round "1.12"]
[White "Rojas Pozo, Jose Luis"]
[Black "Rottenwohrer Suarez, Juan"]
[Result "0-1"]
[WhiteElo "1875"]
[BlackElo "2196"]
[PlyCount "48"]
[EventDate "2021.05.22"]
[EventType "swiss"]
[EventRounds "7"]
[EventCountry "ESP"]
[SourceTitle "Ajedrez en Madrid"]
[Source "lmi"]
[SourceDate "2021.05.23"]
[SourceVersion "1"]
[SourceVersionDate "2021.05.29"]
[SourceQuality "1"]

1. d4 Nf6 2. c4 g6 3. Nc3 Bg7 4. e4 d6 5. f3 c6 6. Be3 a6 7. Bd3 b5 8. Qd2 Nbd7
9. Nge2 O-O 10. Bh6 e5 11. Bxg7 Kxg7 12. d5 cxd5 13. cxd5 Nc5 14. b4 Nxd3+ 15.
Qxd3 a5 16. Nxb5 Qb6 17. bxa5 Rxa5 18. a4 Ba6 19. Nec3 Ra8 20. Rb1 Nd7 21. h4
h5 22. g4 Bxb5 23. axb5 Ra3 24. Rh2 Qg1+ 0-1

[Event "Madrid-ch 2020-2021 - Final"]
[Site "Madrid ESP"]
[Date "2021.05.23"]
[Round "2.1"]
[White "Rottenwohrer Suarez, Juan"]
[Black "Martin Duque, Jesus"]
[Result "0-1"]
[WhiteElo "2196"]
[BlackElo "2432"]
[PlyCount "139"]
[EventDate "2021.05.22"]
[EventType "swiss"]
[EventRounds "7"]
[EventCountry "ESP"]
[SourceTitle "Ajedrez en Madrid"]
[Source "lmi"]
[SourceDate "2021.05.23"]
[SourceVersion "1"]
[SourceVersionDate "2021.05.29"]
[SourceQuality "1"]

1. Nf3 Nf6 2. g3 b6 3. Bg2 Bb7 4. O-O g6 5. d3 Bg7 6. e4 d6 7. a4 c5 8. Nbd2
O-O 9. Nc4 Nc6 10. Re1 a6 11. e5 Nxe5 12. Nfxe5 Bxg2 13. Kxg2 dxe5 14. Nxe5 Nd5
15. Qf3 e6 16. h4 Qc7 17. Ng4 h5 18. Ne3 Rad8 19. Nxd5 Rxd5 20. Bf4 Qd7 21. Re4
Rc8 22. Rae1 Rf5 23. b3 Bc3 24. R1e2 e5 25. Rxe5 Bxe5 26. Rxe5 Rxe5 27. Bxe5
Qc6 28. Qxc6 Rxc6 29. Kf3 f6 30. Bb2 Kf7 31. c4 Re6 32. Bc3 g5 33. hxg5 fxg5
34. Bd2 Kg6 35. Be3 Kf5 36. d4 g4+ 37. Kg2 cxd4 38. Bxd4 Ke4 39. Be3 Rc6 40. b4
Rxc4 41. Bxb6 Rxb4 42. a5 Ra4 43. Bc7 Ra2 44. Bb6 Kd3 45. Kf1 Ra1+ 46. Kg2 Ke2
47. Bc7 Rd1 48. Bb6 Rd5 49. Bc7 Rf5 50. Bb6 Kd3 51. Kf1 Kc4 52. Ke2 Rf3 53. Bc7
Kb5 54. Bd8 Ra3 55. Bc7 Rxa5 56. Bxa5 Kxa5 57. Ke3 Kb4 58. Kf4 a5 59. Kg5 a4
60. Kxh5 a3 61. Kxg4 a2 62. f4 a1=Q 63. Kf5 Kc5 64. g4 Kd6 65. Kg6 Qd4 66. Kg5
Ke6 67. f5+ Kf7 68. Kh5 Qf4 69. Kh4 Kf6 70. Kh3 0-1

[Event "Madrid-ch 2020-2021 - Final"]
[Site "Madrid ESP"]
[Date "2021.05.23"]
[Round "2.2"]
[White "De La Puerta Cresis, Javier"]
[Black "Almagro Llamas, Pablo"]
[Result "1/2-1/2"]
[WhiteElo "2169"]
[BlackElo "2424"]
[PlyCount "60"]
[EventDate "2021.05.22"]
[EventType "swiss"]
[EventRounds "7"]
[EventCountry "ESP"]
[SourceTitle "Ajedrez en Madrid"]
[Source "lmi"]
[SourceDate "2021.05.23"]
[SourceVersion "1"]
[SourceVersionDate "2021.05.29"]
[SourceQuality "1"]

1. d4 Nf6 2. c4 e6 3. Nc3 Bb4 4. Qc2 O-O 5. e4 d5 6. e5 Ne4 7. Bd3 c5 8. Nge2
cxd4 9. Nxd4 Nd7 10. Bf4 Qh4 11. g3 Qh5 12. O-O Bxc3 13. bxc3 g5 14. cxd5 exd5
15. Be3 Nxe5 16. f3 Nxd3 17. Qxd3 Nd6 18. g4 Qg6 19. Qxg6+ hxg6 20. Bxg5 f6 21.
Bf4 Nc4 22. Rfe1 Bd7 23. Re7 Rf7 24. Rae1 Raf8 25. h4 Rxe7 26. Rxe7 Rf7 27. Re1
Rh7 28. Bg3 Kf7 29. Kf2 Rh8 30. Re2 Re8 1/2-1/2

[Event "Madrid-ch 2020-2021 - Final"]
[Site "Madrid ESP"]
[Date "2021.05.23"]
[Round "2.3"]
[White "Martinez Reyes, Pedro Ramon"]
[Black "Mkrtchyan, Levon"]
[Result "1/2-1/2"]
[WhiteElo "2408"]
[BlackElo "2230"]
[PlyCount "116"]
[EventDate "2021.05.22"]
[EventType "swiss"]
[EventRounds "7"]
[EventCountry "ESP"]
[SourceTitle "Ajedrez en Madrid"]
[Source "lmi"]
[SourceDate "2021.05.23"]
[SourceVersion "1"]
[SourceVersionDate "2021.05.29"]
[SourceQuality "1"]

1. e4 e5 2. Nf3 Nc6 3. Bb5 a6 4. Ba4 Nf6 5. Bxc6 dxc6 6. d3 Bd6 7. Nbd2 Be6 8.
O-O Nd7 9. Nc4 f6 10. Nh4 Qe7 11. Bd2 O-O 12. Qf3 Qf7 13. Nf5 Bxf5 14. Qxf5
Rfe8 15. f4 exf4 16. Nxd6 cxd6 17. Bxf4 d5 18. exd5 Qxd5 19. Qxd5+ cxd5 20.
Rfe1 Kf7 21. Kf2 Rac8 22. Rxe8 Rxe8 23. Be3 Ne5 24. h3 Rc8 25. Rc1 Nc6 26. c3
Re8 27. Bc5 Ne5 28. Rd1 Ng6 29. b4 Re6 30. a4 Nf4 31. a5 g5 32. Kf3 Rc6 33. g3
Nxh3 34. Re1 h5 35. Re7+ Kg6 36. Rxb7 g4+ 37. Kg2 Re6 38. Re7 Rc6 39. Rd7 Re6
40. Rd6 Re2+ 41. Kf1 Ra2 42. Bd4 h4 43. Bxf6 Rf2+ 44. Ke1 Rxf6 45. Rxf6+ Kxf6
46. gxh4 d4 47. cxd4 Nf4 48. Kf2 Nxd3+ 49. Kg3 Nxb4 50. Kxg4 Nc6 51. d5 Nxa5
52. Kf4 Nb7 53. Ke4 Kg6 54. Ke5 a5 55. Kd4 Kh5 56. Kc4 Kxh4 57. Kb5 Kg5 58. Kb6
Nd6 1/2-1/2

[Event "Madrid-ch 2020-2021 - Final"]
[Site "Madrid ESP"]
[Date "2021.05.23"]
[Round "2.4"]
[White "Centeno Mendoza, Julio Stefano"]
[Black "Quispe Arteaga, Gabriel"]
[Result "1-0"]
[WhiteElo "2012"]
[BlackElo "2386"]
[PlyCount "73"]
[EventDate "2021.05.22"]
[EventType "swiss"]
[EventRounds "7"]
[EventCountry "ESP"]
[SourceTitle "Ajedrez en Madrid"]
[Source "lmi"]
[SourceDate "2021.05.23"]
[SourceVersion "1"]
[SourceVersionDate "2021.05.29"]
[SourceQuality "1"]

1. e4 c5 2. d4 cxd4 3. c3 d3 4. Bxd3 Nc6 5. c4 d6 6. Nc3 g6 7. Nge2 Bg7 8. O-O
Nf6 9. b3 O-O 10. f3 Qb6+ 11. Kh1 Be6 12. Bd2 Nd7 13. Rc1 Rac8 14. Na4 Qd8 15.
Be3 a6 16. Nac3 Nde5 17. Bb1 Qa5 18. h3 Nd7 19. f4 f5 20. exf5 Bxf5 21. Bxf5
Qxf5 22. Ng3 Qe6 23. Nd5 Nf6 24. f5 Qf7 25. Nf4 gxf5 26. Nxf5 Kh8 27. Qf3 Nd7
28. Nh5 Be5 29. Bh6 Rg8 30. g4 e6 31. Nh4 Qe7 32. g5 Nc5 33. Nf6 Rgd8 34. Qh5
Rg8 35. Nxg8 Rxg8 36. Rf7 Ne4 37. Bg7+ 1-0

[Event "Madrid-ch 2020-2021 - Final"]
[Site "Madrid ESP"]
[Date "2021.05.23"]
[Round "2.5"]
[White "Huerto Moreno, Jorge"]
[Black "Suarez Uriel, Adrian"]
[Result "0-1"]
[WhiteElo "1837"]
[BlackElo "2364"]
[PlyCount "110"]
[EventDate "2021.05.22"]
[EventType "swiss"]
[EventRounds "7"]
[EventCountry "ESP"]
[SourceTitle "Ajedrez en Madrid"]
[Source "lmi"]
[SourceDate "2021.05.23"]
[SourceVersion "1"]
[SourceVersionDate "2021.05.29"]
[SourceQuality "1"]

1. e4 d6 2. d4 Nf6 3. Nc3 e5 4. dxe5 dxe5 5. Qxd8+ Kxd8 6. Bg5 Be6 7. Nf3 h6 8.
Bh4 Nbd7 9. Rd1 Kc8 10. Bg3 Bd6 11. Bb5 a6 12. Bxd7+ Nxd7 13. O-O f6 14. Nd5 b5
15. Nh4 Re8 16. Nf5 Bg8 17. Kh1 c6 18. Nde3 Nc5 19. f3 Kc7 20. b4 Nd7 21. a3 a5
22. f4 axb4 23. axb4 Ra3 24. Rd3 Rxd3 25. cxd3 Kb6 26. Bf2 Kb7 27. fxe5 Nxe5
28. Rd1 Bb3 29. Rd2 Ra8 30. h3 Bxb4 31. Rb2 Ra3 32. d4 Nd3 33. Re2 Ra2 34. Rxa2
Bxa2 35. Bg3 Bf8 36. d5 cxd5 37. exd5 g6 38. Nd4 Bc5 39. Nec2 b4 40. Ne6 b3 41.
Nxc5+ Nxc5 42. Na3 b2 43. Bf2 Nd7 44. Be3 h5 45. g4 hxg4 46. hxg4 b1=Q+ 47.
Nxb1 Bxb1 48. Kh2 Be4 49. d6 Kc6 50. Bf4 g5 51. Bc1 Kxd6 52. Kg3 Ke6 53. Be3
Ne5 54. Bd2 Bf3 55. Bc1 Bxg4 0-1

[Event "Madrid-ch 2020-2021 - Final"]
[Site "Madrid ESP"]
[Date "2021.05.23"]
[Round "2.6"]
[White "Ortega Ruiz, Jose Miguel"]
[Black "Martinez Fernandez, Raul"]
[Result "1-0"]
[WhiteElo "2253"]
[BlackElo "2141"]
[PlyCount "119"]
[EventDate "2021.05.22"]
[EventType "swiss"]
[EventRounds "7"]
[EventCountry "ESP"]
[SourceTitle "Ajedrez en Madrid"]
[Source "lmi"]
[SourceDate "2021.05.23"]
[SourceVersion "1"]
[SourceVersionDate "2021.05.29"]
[SourceQuality "1"]

1. e4 e5 2. Nf3 Nc6 3. Bb5 a6 4. Ba4 Nf6 5. O-O b5 6. Bb3 Bc5 7. d3 d6 8. a4
Rb8 9. axb5 axb5 10. h3 h6 11. c3 Bb6 12. Na3 Na5 13. Ba2 Bd7 14. Nc2 Qe7 15.
Ne3 g6 16. Nd5 Nxd5 17. Bxd5 c6 18. Ba2 g5 19. Be3 g4 20. Nh2 gxh3 21. Bxb6
Rxb6 22. g3 Nb7 23. f4 Rg8 24. Qf3 exf4 25. Qxf4 Nd8 26. Bb3 Rb8 27. Ra7 Rg7
28. Rf3 Qe5 29. Qe3 b4 30. d4 Qg5 31. Qf2 bxc3 32. Rxc3 Ne6 33. d5 cxd5 34.
Bxd5 Nf4 35. Rxd7 Nxd5 36. exd5 Qxd5 37. Rdc7 Qg2+ 38. Qxg2 hxg2 39. b3 Rg5 40.
Kxg2 Rgb5 41. Rf3 f5 42. Rh7 Rxb3 43. Rxf5 Rb2+ 44. Kh3 R8b5 45. Rxb5 Rxb5 46.
Rxh6 Ke7 47. Nf3 d5 48. Nd4 Rb1 49. Nf5+ Kf7 50. Rd6 Ra1 51. Kg4 Ra7 52. Kf4
Ra5 53. g4 Ra4+ 54. Kg5 Ra7 55. Rxd5 Kg8 56. Kg6 Ra6+ 57. Rd6 Ra8 58. Rc6 Kf8
59. Kf6 Kg8 60. Rc8+ 1-0

[Event "Madrid-ch 2020-2021 - Final"]
[Site "Madrid ESP"]
[Date "2021.05.23"]
[Round "2.7"]
[White "Candela Perez, Jose"]
[Black "Moreno Ruiz, Javier"]
[Result "1/2-1/2"]
[WhiteElo "2328"]
[BlackElo "2426"]
[PlyCount "129"]
[EventDate "2021.05.22"]
[EventType "swiss"]
[EventRounds "7"]
[EventCountry "ESP"]
[SourceTitle "Ajedrez en Madrid"]
[Source "lmi"]
[SourceDate "2021.05.23"]
[SourceVersion "1"]
[SourceVersionDate "2021.05.29"]
[SourceQuality "1"]

1. d4 Nf6 2. Nf3 g6 3. g3 Bg7 4. Bg2 O-O 5. O-O d6 6. c4 Nc6 7. d5 Na5 8. Nfd2
c6 9. Nc3 cxd5 10. cxd5 Bd7 11. b4 Ng4 12. Bb2 Qb6 13. a3 Rac8 14. Rc1 Nc4 15.
Nxc4 Rxc4 16. Ne4 Bxb2 17. Rxc4 Ne5 18. Nd2 Bxa3 19. Rh4 Bxb4 20. Nc4 Nxc4 21.
Rxc4 Bc5 22. Qd2 f6 23. Qh6 Qb3 24. Rh4 Rf7 25. Be4 f5 26. Rb1 Qc3 27. Bd3 b6
28. Rf4 Qg7 29. Qxg7+ Kxg7 30. Bb5 Bxb5 31. Rxb5 Kf6 32. Ra4 a5 33. Rb1 Ke5 34.
Rd1 f4 35. g4 f3 36. e3 Rf8 37. h4 Bb4 38. Kh2 b5 39. Ra2 Rc8 40. Kg3 Rc5 41.
Kxf3 Rxd5 42. Rb1 Bc3 43. Ke2 b4 44. f3 Rc5 45. Kd3 Kd5 46. f4 Kc6 47. f5 gxf5
48. g5 Kb5 49. h5 a4 50. g6 hxg6 51. hxg6 Rc8 52. Rc2 Kc5 53. Ra1 a3 54. Rxa3
Kd5 55. Ra7 Ke6 56. Rg2 Rg8 57. Kc4 Rg7 58. Rb7 Ke5 59. Kd3 Kf6 60. Rg1 d5 61.
Rb6+ e6 62. Rg2 Ke5 63. Rg1 Kf6 64. Rg2 Ke5 65. Rg1 1/2-1/2

[Event "Madrid-ch 2020-2021 - Final"]
[Site "Madrid ESP"]
[Date "2021.05.23"]
[Round "2.8"]
[White "Pindado Campos, Raul"]
[Black "Rodriguez Avila, Alvaro"]
[Result "0-1"]
[WhiteElo "2152"]
[BlackElo "1966"]
[PlyCount "136"]
[EventDate "2021.05.22"]
[EventType "swiss"]
[EventRounds "7"]
[EventCountry "ESP"]
[SourceTitle "Ajedrez en Madrid"]
[Source "lmi"]
[SourceDate "2021.05.23"]
[SourceVersion "1"]
[SourceVersionDate "2021.05.29"]
[SourceQuality "1"]

1. e4 c5 2. Nf3 d6 3. d4 cxd4 4. Nxd4 Nf6 5. Nc3 Nc6 6. Be2 e5 7. Nf3 Be7 8.
O-O O-O 9. Bg5 Be6 10. Qd2 Qd7 11. Rfd1 Rfd8 12. a4 Rac8 13. a5 a6 14. Bxf6
Bxf6 15. Na4 Qe8 16. Nb6 Rc7 17. c4 Ne7 18. b4 Ng6 19. g3 h6 20. Rac1 Ne7 21.
h4 Rc6 22. Qb2 Bg4 23. Ne1 Be6 24. Ng2 Nc8 25. Nd5 Bxd5 26. cxd5 Rxc1 27. Rxc1
Na7 28. Rc7 Rd7 29. Qc2 Qd8 30. Rc3 b6 31. Bxa6 bxa5 32. b5 Qb6 33. Qa4 Bd8 34.
Ne3 Qd4 35. Rc4 Qb6 36. Rc2 Rc7 37. Nc4 Qb8 38. b6 Rxc4 39. Qe8+ Kh7 40. Bxc4
Qxb6 41. Kg2 Qd4 42. f3 Qd1 43. Re2 Qd4 44. Ba6 Bb6 45. Qxf7 Qg1+ 46. Kh3 Bf2
47. Qf5+ Kh8 48. Qf8+ Kh7 49. Rxf2 Qxf2 50. Qxd6 Qxf3 51. Qxe5 Qh1+ 52. Kg4
Qd1+ 53. Kf5 a4 54. Ke6 Qb3 55. Qf5+ Kh8 56. Qf8+ Kh7 57. Be2 Qxg3 58. Qf5+ Kh8
59. Bg4 Qb8 60. d6 Nc6 61. Kd7 Qb7+ 62. Ke8 Qb8+ 63. Qc8 Qxd6 64. Kf7+ Nd8+ 65.
Ke8 a3 66. Bd7 Qf6 67. Qc4 Nb7 68. Qe6 Nd6+ 0-1